| 000 | 03321cam a22012014i 4500 | ||
|---|---|---|---|
| 003 | PE-LiUPU | ||
| 005 | 20250813185430.0 | ||
| 008 | 150623s2002 xxua rb 001 0 eng d | ||
| 020 | _a0761974369 | ||
| 020 | _a9780761974369 | ||
| 035 | _a(Sirsi) a252244 | ||
| 040 |
_aPE-LiUPU _bspa _cPE-LiUPU _erda |
||
| 049 | _aPRUA | ||
| 082 | 0 | 4 |
_a300.72 _bF58 _221 |
| 100 | 1 |
_aFlick, Uwe, _eautor. |
|
| 245 | 1 | 3 |
_aAn Introduction to qualitative research / _cUwe Flick. |
| 264 | 1 |
_aLondon : _bSage Publications, _c2002. |
|
| 300 |
_ax, 310 páginas : _bilustraciones ; _c23 centímetros. |
||
| 336 |
_atext _2rdacontent |
||
| 337 |
_aunmediated _2rdamedia |
||
| 338 |
_avolume _2rdacarrier |
||
| 504 | _aBibliografía: páginas 283-300. | ||
| 504 | _aÍndice: páginas 301-309. | ||
| 505 | 0 | _aTheoretical positions -- Construction and understanding of texts -- Process and thoeries -- Research questions -- Entering the field -- Sampling strategies -- Semi-structured interviews -- Narratives as data -- Focus group interviews and discussions -- Verbal data: an overview -- Observation, ethnography and visual data methods -- Visual data: an overview -- Documentation of data -- Coding and categorizing -- Sequential analyses -- Text interpretation: an overview -- Grounding qualitative research -- Writing qualitative research -- Computers in qualitative research -- Qualitative and quantitative research -- The quality of qualitative research: beyond criteria. | |
| 526 | _aP202 | ||
| 526 | _aP201 | ||
| 526 | _aP163 | ||
| 526 | _aP162 | ||
| 526 | _aP161 | ||
| 526 | _aP160 | ||
| 526 | _aP148 | ||
| 526 | _aP147 | ||
| 526 | _aP146 | ||
| 526 | _aP145 | ||
| 526 | _aP144 | ||
| 526 | _aP143 | ||
| 526 | _aP142 | ||
| 526 | _aP141 | ||
| 526 | _aP140 | ||
| 526 | _aP139 | ||
| 526 | _aP138 | ||
| 526 | _aP137 | ||
| 526 | _aP136 | ||
| 526 | _aP135 | ||
| 526 | _aP134 | ||
| 526 | _aP133 | ||
| 526 | _aP129 | ||
| 526 | _aP128 | ||
| 526 | _aP127 | ||
| 526 | _aP120 | ||
| 526 | _aP119 | ||
| 526 | _aP118 | ||
| 526 | _aP116 | ||
| 526 | _aP115 | ||
| 526 | _aP114 | ||
| 526 | _aP110 | ||
| 526 | _aP109 | ||
| 526 | _aP108 | ||
| 526 | _aP104 | ||
| 526 | _aP103 | ||
| 526 | _aP102 | ||
| 526 | _aP99 | ||
| 526 | _aP98 | ||
| 526 | _aP97 | ||
| 526 | _aP96 | ||
| 526 | _aP95 | ||
| 526 | _aP93 | ||
| 526 | _aP90 | ||
| 526 | _aP89 | ||
| 526 | _aP88 | ||
| 526 | _aP83 | ||
| 526 | _aP82 | ||
| 526 | _aP62 | ||
| 526 | _aP59 | ||
| 526 | _aP58 | ||
| 526 | _aP57 | ||
| 526 | _aP51 | ||
| 526 | _aP49 | ||
| 526 | _aP48 | ||
| 526 | _aP47 | ||
| 526 | _aP29 | ||
| 526 | _aP24 | ||
| 526 | _aP20 | ||
| 526 | _aP19 | ||
| 526 | _aP17 | ||
| 526 | _aP15 | ||
| 526 | _aP14 | ||
| 526 | _aP12 | ||
| 526 | _aP10 | ||
| 526 | _aP09 | ||
| 526 | _aP08 | ||
| 526 | _aP07 | ||
| 526 | _aP06 | ||
| 526 | _aP05 | ||
| 526 | _aP04 | ||
| 526 | _aP01 | ||
| 650 | 0 | 4 |
_aQualitative research. _2fast _0(OCoLC)fst01084940 |
| 942 |
_2ddc _cBOOK |
||
| 994 |
_aC0 _bPEPRU |
||
| 596 | _a1 | ||
| 999 |
_a300.72 F58 _wDEWEY _c31484 _i80262 _f2021-11-11 _g3 _lCCODEBUL1 _mBUL _p35.00 _r0 _sY _tBOOK _u2019-6-17 _xTEOLOGIA _PP35 _0COMPRA _o.STAFF. Colección Teología _d31484 |
||
| 980 |
_81 _gALBERTO SANCHEZ Responsable de Automatización |
||